| 000 -LEADER |
| fixed length control field |
00402cam a22001217a 4500 |
| 008 - FIXED-LENGTH DATA ELEMENTS--GENERAL INFORMATION |
| fixed length control field |
180718b1983 xxu||||| |||| 00| 0 eng d |
| 082 ## - DEWEY DECIMAL CLASSIFICATION NUMBER |
| Classification number |
B71103x5444 A |
| 100 ## - MAIN ENTRY--PERSONAL NAME |
| Personal name |
Karnataka. Legislative Assembly |
| 9 (RLIN) |
3554 |
| 245 ## - TITLE STATEMENT |
| Title |
The Karnataka zilla parishads, taluk panchayat samithis, mandal panchayats and nyaya panchayats act, 1983 |
| 260 ## - PUBLICATION, DISTRIBUTION, ETC. (IMPRINT) |
| Place of publication, distribution, etc |
Bangalore |
| Name of publisher, distributor, etc |
The author |
| Date of publication, distribution, etc |
1983 |
| 300 ## - PHYSICAL DESCRIPTION |
| Extent |
198+p. |
| 942 ## - ADDED ENTRY ELEMENTS (KOHA) |
| Source of classification or shelving scheme |
|